Loading...
| Philosophy | 0 | 5 | 0 | 0 | 50 | 112 | 121.60 | 0 | 1 |
| Fine Arts - Painting and Sculpture | 0 | 2 | 0 | 1 | 20 | 133 | 139.00 | 0 | 0 |
| Religion | 0 | 2 | 0 | 1 | 20 | 94 | 111.50 | 0 | 0 |
| Pop Culture | 0 | 2 | 0 | 1 | 20 | 34 | 81.00 | 1 | 1 |
| History - American History | 0 | 1 | 0 | 0 | 10 | 125 | 125.00 | 0 | 0 |
| History - Other History | 0 | 1 | 0 | 0 | 10 | 133 | 133.00 | 0 | 0 |
| Literature - American Literature | 0 | 1 | 0 | 0 | 10 | 122 | 122.00 | 0 | 0 |
| Fine Arts - Other Fine Arts | 0 | 1 | 0 | 0 | 10 | 77 | 77.00 | 0 | 1 |
| Literature - European Literature | 0 | 1 | 0 | 0 | 10 | 145 | 145.00 | 0 | 0 |
| Literature - World Literature | 0 | 1 | 0 | 0 | 10 | 120 | 120.00 | 0 | 0 |
| Other Academic | 0 | 1 | 0 | 0 | 10 | 108 | 108.00 | 0 | 1 |
| History - European History | 0 | 1 | 0 | 1 | 10 | 131 | 131.00 | 0 | 0 |
| Science - Other Science | 0 | 1 | 1 | 1 | 5 | 111 | 111.00 | 0 | 0 |
| Social Science | 0 | 0 | 0 | 0 | 0 | 0.00 | 0 | 0 | |
| Literature - British Literature | 0 | 0 | 0 | 0 | 0 | 0.00 | 0 | 0 | |
| Science - Biology | 0 | 0 | 0 | 0 | 0 | 0.00 | 0 | 0 | |
| Fine Arts - Classical Music | 0 | 0 | 0 | 0 | 0 | 0.00 | 0 | 0 |